000 00502nam a2200181Ia 4500
001 7408
005 20260306160453.0
008 260306t2022||||xx |||||||||||||| ||spa||
041 _aESP
082 _a338.9260985
_bL47
100 _aLeón-Velarde, Fabiola,
_eAUT
245 0 _aHitos hacia un mejor gobierno para la ciencia y la tecnología en el Perú :
_bdesarrollo emergente
260 _c2022
300 _a198 páginas :
_c21 cm.
650 _aGEN
654 _aCAN
942 _cLIB
_dJUS
_fJUS
_2ddc
_n
999 _c7408
_d7408